000 00278nam a22001337a 4500
008 170715b xxu||||| |||| 00| 0 eng d
020 _a9780521532174
041 _aeng
080 _a17
100 _a24
101 _aANT
245 _aUNDER GOD?
_cPERRY,M.J
942 _2udc
_cBK
999 _c21184
_d21184